000 00549nam a2200181 i 4500
001 20508
003 ES-MaACL
005 20230906152321.0
007 t|
008 021113s1971 sp f |||| | spa d
245 0 3 _aLa acción de España en Sahara.
260 _aMadrid :
_bInstituto de Estudios Africanos,
_c1971.
300 _a30, 78 p., 41 lám. ;
_c28 cm.
546 _aTexto en español y árabe.
651 4 _aSahara Occidental-
_xAdministración.
_9165644
710 2 _aInstituto de Estudios Africanos.
_94881
852 _aES-MaACL
_jC-43296
999 _c20508
_d20508